Fundamentals of ecological modelling

Shranjeno v:
Bibliografske podrobnosti
Main Authors: Jörgensen, Sven Erik (Author), Bendoricchio, G (Author)
Format: Knjiga
Jezik:angleščina
Izdano: Amsterdam Elsevier 2001
Izdaja:3a. ed
Serija:Developments in Environmental Modelling, 21
Teme:
Oznake: Označite
Brez oznak, prvi označite!

MARC

LEADER 00000nam a2200000 a 4500
001 UCL4001
003 CL-VaPUC
008 031219e20010000NE |||||||||||||||||eng|d
020 |a 0080440282 
082 0 4 |a 577.0151  |b JOR  |2 21 
100 |a Jörgensen, Sven Erik  |e author  |9 481453 
700 0 |a Bendoricchio, G  |e author  |9 481454 
245 1 0 |a Fundamentals of ecological modelling 
250 |a 3a. ed 
300 |a 530 p 
942 |c BK 
945 |d 20031219 00:00:00  |a cmena 
260 |a Amsterdam  |b Elsevier  |c 2001 
650 0 |a Ecología   |9 258124 
650 7 |a METODOS DE SIMULACION  |2 CL-VaPUC  |9 260497 
650 0 |a Modelos matemáticos   |9 259437 
583 |a last modification  |c 20031219 00:00:00  |k Rodrigo Vera 
490 0 |a Developments in Environmental Modelling, 21 
999 |c 306960  |d 306958 
952 |0 0  |1 0  |4 0  |6 577_015100000000000_JOR_2001  |7 0  |8 CCM  |9 372420  |a BIBCUR  |b BIBCUR  |d 2019-11-21  |i 3977048  |o 577.0151 JOR 2001  |p 3977048  |r 2025-04-22  |w 2019-11-21  |y BK  |k CIM